| 000 | 00765nam a2200277 a 4500 | ||
|---|---|---|---|
| 003 | AR-BaBNM | ||
| 005 | 20251128210702.0 | ||
| 008 | 082120s2002 ||||||||||||||000 | spa|| | ||
| 040 | _cAR-BaBNM | ||
| 100 | 1 | _aCambaceres, Eugenio | |
| 245 | 0 | 0 | _aSin rumbo |
| 260 |
_aBuenos Aires _bHuemul _c1966 |
||
| 300 | _a191 p. | ||
| 490 | 0 |
_aClásicos Huemul _vv. 38 |
|
| 500 | _aContiene estudio preliminar y vocabulario a cargo de Isabel Santacatalina | ||
| 650 | 4 | _aLITERATURA ARGENTINA | |
| 650 | 4 | _aNOVELAS | |
| 650 | 4 | _aGENERACION DE 1880 | |
| 653 | _aNATURALISMO | ||
| 653 | _aNOVELA SOCIAL | ||
| 655 | _aLITERATURA | ||
| 700 | 1 |
_aSantacatalina, Isabel _eprologuista |
|
| 800 | 1 |
_aPellegrini, Juan Carlos _edirector |
|
| 942 | _cBK | ||
| 998 | _cMARTIN | ||
| 999 |
_c16432 _d16432 |
||